País Europeo vecino común - Aleatorio - Estadísticas

Estadísticas generales
  • Esta prueba ha sido intentada 38 veces
  • La puntuación promedio es 8 de 10
Estadísticas de respuestas
País 1 País 2 País fronterizo % Correcto
Grecia Montenegro Albania
100%
Grecia Macedonia del Norte Albania / Bulgaria
100%
Kosovo Macedonia del Norte Albania / Serbia
100%
Kosovo Montenegro Albania / Serbia
100%
Austria Bélgica Alemania
100%
Austria Dinamarca Alemania
100%
Austria Luxemburgo Alemania
100%
Bélgica Países Bajos Alemania
100%
Bélgica Polonia Alemania
100%
Dinamarca Francia Alemania
100%
Dinamarca Luxemburgo Alemania
100%
Dinamarca Países Bajos Alemania
100%
Dinamarca República Checa Alemania
100%
Dinamarca Suiza Alemania
100%
Dinamarca Polonia Alemania
100%
Países Bajos Polonia Alemania
100%
Países Bajos Suiza Alemania
100%
Polonia Suiza Alemania
100%
Austria República Checa Alemania / Eslovaquia
100%
Bélgica Luxemburgo Alemania / Francia
100%
Austria Polonia Alemania / República Checa / Eslovaquia
100%
Alemania Eslovenia Austria
100%
Eslovaquia Italia Austria
100%
Eslovaquia Liechtenstein Austria
100%
Eslovaquia Suiza Austria
100%
Eslovenia Italia Austria
100%
Hungría Liechtenstein Austria
100%
Italia República Checa Austria
100%
Liechtenstein República Checa Austria
100%
República Checa Suiza Austria / Alemania
100%
Eslovenia Hungría Austria / Croacia
100%
Hungría Italia Austria / Eslovenia
100%
Alemania Suiza Austria / Francia
100%
Eslovaquia Eslovenia Austria / Hungría
100%
Eslovaquia República Checa Austria / Polonia
100%
Alemania Eslovaquia Austria / República Checa / Polonia
100%
Francia Países Bajos Bélgica / Alemania
100%
Alemania Francia Bélgica / Luxemburgo / Suiza
100%
Polonia Ucrania Bielorrusia / Eslovaquia / Rusia
100%
Lituania Rusia Bielorrusia / Letonia / Polonia
100%
Letonia Rusia Bielorrusia / Lituania / Estonia
100%
Letonia Lituania Bielorrusia / Rusia
100%
Letonia Ucrania Bielorrusia / Rusia
100%
Lituania Polonia Bielorrusia / Rusia
100%
Polonia Rusia Bielorrusia / Ucrania / Lituania
100%
Bosnia y Herzegovina Eslovenia Croacia
100%
Hungría Montenegro Croacia / Serbia
100%
República Checa Ucrania Eslovaquia / Polonia
100%
Croacia Italia Eslovenia
100%
Austria Croacia Eslovenia / Hungría
100%
Austria Italia Eslovenia / Suiza
100%
Andorra Francia España
100%
Francia Portugal España
100%
Noruega Rusia Finlandia
100%
Noruega Suecia Finlandia
100%
Alemania Andorra Francia
100%
Alemania España Francia
100%
Alemania Mónaco Francia
100%
Andorra España Francia
100%
Andorra Italia Francia
100%
Andorra Mónaco Francia
100%
Andorra Suiza Francia
100%
Bélgica España Francia
100%
España Italia Francia
100%
España Luxemburgo Francia
100%
España Mónaco Francia
100%
España Suiza Francia
100%
Italia Luxemburgo Francia
100%
Luxemburgo Mónaco Francia
100%
Italia Suiza Francia / Austria
100%
Alemania Bélgica Francia / Luxemburgo / Países Bajos
100%
Bulgaria Macedonia del Norte Grecia / Serbia
100%
Austria Serbia Hungría
100%
Croacia Eslovaquia Hungría
100%
Croacia Ucrania Hungría
100%
Eslovaquia Serbia Hungría
100%
Austria Eslovenia Hungría / Italia
100%
Ciudad del Vaticano Eslovenia Italia
100%
Ciudad del Vaticano Suiza Italia
100%
Eslovenia Francia Italia
100%
Eslovenia San Marino Italia
100%
Francia San Marino Italia
100%
Eslovenia Suiza Italia / Austria
100%
Albania Montenegro Kosovo
100%
Macedonia del Norte Montenegro Kosovo / Albania / Serbia
100%
Macedonia del Norte Serbia Kosovo / Bulgaria
100%
Estonia Rusia Letonia
100%
Bielorrusia Rusia Letonia / Lituania / Polonia / Ucrania
100%
Estonia Lituania Letonia / Rusia
100%
Bielorrusia Letonia Lituania / Rusia
100%
Bulgaria Grecia Macedonia del Norte
100%
Albania Bulgaria Macedonia del Norte / Grecia
100%
Bulgaria Kosovo Macedonia del Norte / Serbia
100%
Kosovo Serbia Montenegro / Macedonia del Norte
100%
Bosnia y Herzegovina Croacia Montenegro / Serbia
100%
Finlandia Suecia Noruega
100%
Alemania Lituania Polonia
100%
Alemania Ucrania Polonia
100%
República Checa Rusia Polonia
100%
Rusia Ucrania Polonia / Bielorrusia
100%
Lituania Ucrania Polonia / Bielorrusia / Rusia
100%
Bielorrusia Ucrania Polonia / Rusia
100%
Bielorrusia Eslovaquia Polonia / Ucrania
100%
Alemania Polonia República Checa
100%
Alemania Austria República Checa / Suiza
100%
Bulgaria Moldavia Rumanía
100%
Bulgaria Ucrania Rumanía
100%
Moldavia Ucrania Rumanía
100%
Bulgaria Hungría Rumanía / Serbia
100%
Hungría Moldavia Rumanía / Ucrania
100%
Bielorrusia Finlandia Rusia
100%
Estonia Finlandia Rusia
100%
Estonia Letonia Rusia
100%
Estonia Noruega Rusia
100%
Finlandia Ucrania Rusia
100%
Letonia Polonia Rusia
100%
Letonia Noruega Rusia / Bielorrusia / Lituania
100%
Finlandia Noruega Rusia / Suecia
100%
Bielorrusia Polonia Rusia / Ucrania / Lituania
100%
Bosnia y Herzegovina Macedonia del Norte Serbia
100%
Bulgaria Croacia Serbia
100%
Bulgaria Rumanía Serbia
100%
Hungría Kosovo Serbia
100%
Kosovo Rumanía Serbia
100%
Montenegro Rumanía Serbia
100%
Croacia Montenegro Serbia / Bosnia y Herzegovina
100%
Macedonia del Norte Rumanía Serbia / Bulgaria
100%
Bosnia y Herzegovina Hungría Serbia / Croacia
100%
Bosnia y Herzegovina Montenegro Serbia / Croacia
100%
Croacia Hungría Serbia / Eslovenia
100%
Bosnia y Herzegovina Kosovo Serbia / Montenegro
100%
Croacia Kosovo Serbia / Montenegro
100%
Hungría Rumanía Serbia / Ucrania
100%
Francia Italia Suiza
100%
Italia Liechtenstein Suiza / Austria
100%
Bielorrusia Hungría Ucrania
100%
Bielorrusia Moldavia Ucrania
100%
Bielorrusia Rumanía Ucrania
100%
Hungría Rusia Ucrania
100%
Moldavia Rusia Ucrania
100%
Polonia Rumanía Ucrania
100%
Noruega Ucrania Rusia
75%
Hungría Macedonia del Norte Serbia
75%
Moldavia Rumanía Ucrania
75%
Alemania Italia Austria / Francia / Suiza
67%
Albania Croacia Montenegro
67%
Albania Kosovo Montenegro / Macedonia del Norte
67%
Eslovaquia Lituania Polonia
67%
Luxemburgo República Checa Alemania
60%
Serbia Ucrania Hungría / Rumanía
60%
Bélgica Dinamarca Alemania
50%
Eslovenia República Checa Austria
50%
Eslovaquia Hungría Austria / Ucrania
50%
Alemania Países Bajos Bélgica
50%
Luxemburgo Países Bajos Bélgica / Alemania
50%
Eslovenia Serbia Croacia / Hungría
50%
Rusia Suecia Finlandia / Noruega
50%
Bélgica Italia Francia
50%
Austria Rumanía Hungría
50%
Eslovaquia Rusia Polonia / Ucrania
50%
Eslovaquia Moldavia Ucrania
50%
Austria Países Bajos Alemania
0%
Bélgica República Checa Alemania
0%
Francia Polonia Alemania
0%
Francia República Checa Alemania
0%
Luxemburgo Polonia Alemania
0%
Países Bajos República Checa Alemania
0%
Bélgica Suiza Alemania / Francia
0%
Luxemburgo Suiza Alemania / Francia
0%
Francia Suiza Alemania / Italia
0%
Austria Suiza Alemania / Liechtenstein / Italia
0%
Bélgica Francia Alemania / Luxemburgo
0%
España Francia Andorra
0%
Alemania Hungría Austria
0%
Eslovenia Liechtenstein Austria
0%
Hungría Suiza Austria
0%
Liechtenstein Suiza Austria
0%
Hungría República Checa Austria / Eslovaquia
0%
Alemania República Checa Austria / Polonia
0%
Alemania Liechtenstein Austria / Suiza
0%
Francia Luxemburgo Bélgica / Alemania
0%
Montenegro Serbia Bosnia y Herzegovina / Croacia / Kosovo
0%
Grecia Rumanía Bulgaria
0%
Rumanía Serbia Bulgaria / Hungría
0%
Eslovenia Montenegro Croacia
0%
Bosnia y Herzegovina Serbia Croacia / Montenegro
0%
Hungría Serbia Croacia / Rumanía
0%
Polonia República Checa Eslovaquia / Alemania
0%
Austria Hungría Eslovaquia / Eslovenia
0%
Austria Ucrania Eslovaquia / Hungría
0%
Hungría Ucrania Eslovaquia / Rumanía
0%
Andorra Portugal España
0%
Andorra Bélgica Francia
0%
Andorra Luxemburgo Francia
0%
Bélgica Mónaco Francia
0%
Italia Mónaco Francia
0%
Mónaco Suiza Francia
0%
Alemania Luxemburgo Francia / Bélgica
0%
Albania Macedonia del Norte Grecia / Kosovo
0%
Croacia Eslovenia Hungría
0%
Eslovenia Rumanía Hungría
0%
Eslovenia Ucrania Hungría
0%
Croacia Serbia Hungría / Bosnia y Herzegovina / Montenegro
0%
Rumanía Ucrania Hungría / Moldavia
0%
Eslovaquia Ucrania Hungría / Polonia
0%
Croacia Rumanía Hungría / Serbia
0%
Eslovaquia Rumanía Hungría / Ucrania
0%
Austria Ciudad del Vaticano Italia
0%
Austria San Marino Italia
0%
Ciudad del Vaticano Francia Italia
0%
Ciudad del Vaticano San Marino Italia
0%
San Marino Suiza Italia
0%
Austria Francia Italia / Suiza / Alemania
0%
Bielorrusia Estonia Letonia / Rusia
0%
Bielorrusia Lituania Letonia / Rusia / Polonia
0%
Albania Grecia Macedonia del Norte
0%
Grecia Kosovo Macedonia del Norte / Albania
0%
Grecia Serbia Macedonia del Norte / Bulgaria
0%
Bulgaria Serbia Macedonia del Norte / Rumanía
0%
Albania Bosnia y Herzegovina Montenegro
0%
Albania Serbia Montenegro / Macedonia del Norte / Kosovo
0%
Finlandia Rusia Noruega
0%
Alemania Bielorrusia Polonia
0%
Alemania Rusia Polonia
0%
Bielorrusia República Checa Polonia
0%
Lituania República Checa Polonia
0%
Austria Eslovaquia República Checa / Hungría
0%
Moldavia Serbia Rumanía
0%
Bielorrusia Noruega Rusia
0%
Estonia Polonia Rusia
0%
Estonia Ucrania Rusia
0%
Finlandia Letonia Rusia
0%
Finlandia Lituania Rusia
0%
Finlandia Polonia Rusia
0%
Lituania Noruega Rusia
0%
Noruega Polonia Rusia
0%
Bosnia y Herzegovina Bulgaria Serbia
0%
Bosnia y Herzegovina Rumanía Serbia
0%
Bulgaria Montenegro Serbia
0%
Croacia Macedonia del Norte Serbia
0%
Austria Liechtenstein Suiza
0%
Francia Liechtenstein Suiza
0%
Moldavia Polonia Ucrania
0%
Rumanía Rusia Ucrania
0%
Hungría Polonia Ucrania / Eslovaquia
0%
Eslovaquia Polonia Ucrania / República Checa
0%
No se encontraron pruebas coincidentes
Distribución de puntuación
Porcentaje de gente con cada puntuación
Porcentaje por número respondido
Historial de tus puntuaciones
No has intentado esta prueba.